Brzo tipkanje- Zagreb i split - Statistics

General Stats
  • This quiz has been taken 67 times
  • The average score is 10 of 11
Answer Stats
Answer % Correct
a
100%
g
100%
Z
100%
r
96%
e
93%
b
91%
S
85%
p
83%
i
80%
l
80%
t
80%
No matching quizzes found
Score Distribution
Percent of People with Each Score
Percentile by Number Answered
Your Score History
You have not taken this quiz